載入...

Headline writing /

書目詳細資料
主要作者: Saxena, Sunil
語言:Undetermined
出版: New Delhi : Sage , 2006.
主題:
LEADER 00491nam a2200157Ia 4500
001 151321
008 170722s9999 xx 000 0 und d
020 |a 0761934219 
100 |a Saxena, Sunil 
245 |a Headline writing / 
260 |a New Delhi :  |b Sage ,  |c 2006. 
653 |a Journalism 
923 |d 20070314  |n 2483 
942 |c GEN 
999 |c 134879  |d 134879 
952 |0 0  |1 0  |4 0  |6 M_231_P6  |7 0  |9 190285  |a LIB  |b LIB  |d 2013-03-25  |e Modern Book Centre  |l 3  |o M2:31 P6  |p 264020  |r 2020-10-15  |s 2020-03-02  |w 2017-08-12  |y GEN